header

Deadly transfers and the global playground (Record no. 21126)

MARC details
000 -LEADER
fixed length control field 01312nam a2200325 a 4500
082 04 - DEWEY DECIMAL CLASSIFICATION NUMBER
Classification number 327.1/7
100 1# - MAIN ENTRY--AUTHOR NAME
Personal name Mandel, Robert,
245 10 - TITLE STATEMENT
Title Deadly transfers and the global playground
260 ## - PUBLICATION, DISTRIBUTION, ETC. (IMPRINT)
Place of publication Westport, Conn. :
Name of publisher Praeger,
Year of publication 1999.
300 ## - PHYSICAL DESCRIPTION
Number of Pages xiv, 139 p. :
Other physical details ill.
650 #0 - SUBJECT ADDED ENTRY--TOPICAL TERM
Topical Term National security
Topical Term Security, International.
Topical Term Subversive activities.
Topical Term Crisis management.
856 40 - ELECTRONIC LOCATION AND ACCESS
Uniform Resource Identifier http://site.ebrary.com/lib/rucke/Doc?id=5007026

No items available.

© 2026 Rongo University
Contact us: librarian | system librarian | Rongo university